Ecology of marine invertebrate larvae

محفوظ في:
التفاصيل البيبلوغرافية
التنسيق: كتاب
اللغة:Undetermined
منشور في: London CRC Press 1995
الموضوعات:
الوسوم: إضافة وسم
لا توجد وسوم, كن أول من يضع وسما على هذه التسجيلة!
Thư viện lưu trữ: Trung tâm Học liệu Trường Đại học Cần Thơ
LEADER 00418nam a2200169Ia 4500
001 CTU_67725
008 210402s9999 xx 000 0 und d
020 |b 143 
082 |a 592.092 
082 |b E17 
245 0 |a Ecology of marine invertebrate larvae 
260 |a London 
260 |b CRC Press 
260 |c 1995 
650 |a Ecology 
910 |a Năm 
980 |a Trung tâm Học liệu Trường Đại học Cần Thơ